<?xml version="1.0" encoding="UTF-8"?><?xml-stylesheet type="text/xsl" href="static/style.xsl"?><OAI-PMH xmlns="http://www.openarchives.org/OAI/2.0/" xmlns:xsi="http://www.w3.org/2001/XMLSchema-instance" xsi:schemaLocation="http://www.openarchives.org/OAI/2.0/ http://www.openarchives.org/OAI/2.0/OAI-PMH.xsd"><responseDate>2026-04-14T19:23:48Z</responseDate><request verb="GetRecord" identifier="oai:uvadoc.uva.es:10324/36721" metadataPrefix="marc">http://uvadoc.uva.es/oai/request</request><GetRecord><record><header><identifier>oai:uvadoc.uva.es:10324/36721</identifier><datestamp>2021-06-29T23:48:45Z</datestamp><setSpec>com_10324_38</setSpec><setSpec>col_10324_852</setSpec></header><metadata><record xmlns="http://www.loc.gov/MARC21/slim" xmlns:doc="http://www.lyncode.com/xoai" xmlns:xsi="http://www.w3.org/2001/XMLSchema-instance" xmlns:dcterms="http://purl.org/dc/terms/" xsi:schemaLocation="http://www.loc.gov/MARC21/slim http://www.loc.gov/standards/marcxml/schema/MARC21slim.xsd">
<leader>00925njm 22002777a 4500</leader>
<datafield tag="042" ind1=" " ind2=" ">
<subfield code="a">dc</subfield>
</datafield>
<datafield tag="720" ind1=" " ind2=" ">
<subfield code="a">Martín Verástegui, Blanca</subfield>
<subfield code="e">author</subfield>
</datafield>
<datafield tag="260" ind1=" " ind2=" ">
<subfield code="c">2019</subfield>
</datafield>
<datafield tag="520" ind1=" " ind2=" ">
<subfield code="a">En este estudio se trata de ver la importancia del cambio climático en una de zona de la Ribera del Duero para ello junto con una revisión bibliográfica se va a analizar la evolución de algunos factores y elementos del clima en los últimos años, y cómo este cambio está influyendo en la actualidad. Se han valorado las temperaturas, precipitaciones y heladas de la zona de estudio durante los periodos de tiempo que han sido posibles y se han comparado con valores de otros autores. También se ha realizado correlaciones estadísticas con distintas analíticas en la época de vendimia como antocianos, ácido málico, índice de Huglin entre otros y poder determinar la influencia del clima.</subfield>
</datafield>
<datafield tag="024" ind2=" " ind1="8">
<subfield code="a">http://uvadoc.uva.es/handle/10324/36721</subfield>
</datafield>
<datafield tag="245" ind1="0" ind2="0">
<subfield code="a">Influencia del cambio climático en el terroir y en los vinos de una zona de Ribera del Duero</subfield>
</datafield>
</record></metadata></record></GetRecord></OAI-PMH>